Informação geral para prevenção das toxicodependências (Registo nº 1389)

Detalhes MARC
000 -Etiqueta do registo
Cabeçalho 01053nam a2200325 n 4500
005 - Identificador da versão
Campo de controlo 20240813121834.0
010 ## - Número internacional normalizado dos livros (ISBN)
Número (ISBN) 8487806805
021 ## - Número do Depósito Legal
Código do país PT
Número 11711-97
035 ## - Other System Control Numbers
System Control Number ESEJPG_BC_125.iso/13-03-2009/5627
System Control Number 482972
System Control Number 2104310
100 ## - Dados gerais de processamento
Dados gerais de processamento 20060914e1999 d y0pory5003 ba
102 ## - Pais de publicação ou produção
País de publicação Portugal
101 0# - Língua de publicação
Língua do texto, banda sonora, etc. Português
215 ## - Descrição física 
Indicação específica da natureza do documento e extensão da espécie 81 p.
Dimensões 23 cm
200 1# - Titulo e menção de responsabilidade
Título próprio Informação geral para prevenção das toxicodependências
Primeira menção de responsabilidade Ana Pérez
Outras menções de responsabilidade colab. Margarita Villoria... [et al.]
-- coord. Gerardo Lerma
205 ## - Menção da edição
Menção da edição 3ª ed
210 ## - Publicação, Distribuição, etc. 
Lugar da edição, distribuição, etc. Algarve
Nome do editor, distribuidor, etc. Serviço de Prevenção e Tratamento da Toxicodepência
Data da publicação, distribuição, etc. 1999
675 ## - Classificação Decimal Universal (CDU)
Notação 316.6
Edição BN
Língua da edição por
Notação 613.8
Edição BN
Língua da edição por
702 #1 - Nome de autor-pessoa física (responsabilidade secundária)
Número de registo de entrada de autoridade 0001955
Palavra de ordem Pérez
Outra parte do nome não tomada para palavra de ordem Ana
Código de função Colaborador
Número de registo de entrada de autoridade 0001956
Palavra de ordem Villoria
Outra parte do nome não tomada para palavra de ordem Margarita
Código de função Colaborador
Número de registo de entrada de autoridade 0001957
Palavra de ordem Lerma
Outra parte do nome não tomada para palavra de ordem Gerardo
Código de função Editor literário / Coordenador
710 02 - Nome de colectividade-autor (responsabilidade principal)
Número de registo de entrada de autoridade 0001958
Palavra de ordem Serviço de Prevenção e Tratamento da Toxicodependência
700 #1 - Nome de autor-pessoa física (responsabilidade principal)
Número de registo de entrada de autoridade 0001955
Palavra de ordem Pérez
Outra parte do nome não tomada para palavra de ordem Ana
966 ## - Identificação da Biblioteca
Sigla NUMETECA
942 ## - Elementos de entrada adicionados (Koha)
Tipo de item no Koha Livro
Exemplares
Situação do levantamento Origin of item (home branch) (coded) Biblioteca de empréstimo Código de barras Cota Circulation type (not for loan) Tipo de documento Nota do exemplar Damaged status
  Biblioteca Escolar Eng. Nuno Mergulhão Biblioteca Escolar Eng. Nuno Mergulhão BENM3436 | 2002 61 MED PER   Livro Sem mensagem